000 00616nam a2200181 a 4500
001 000036488
005 20200930075747.0
008 120118s1971 mx a 000 d spa d
040 _aDO-SdBNP
_bspa
_cBNPHU
082 _axxx
_bA545d
100 1 _aAnderson, Robert,
_d1917-2009.
_962720
240 1 0 _aThe days between
_lEspañol
245 1 0 _aLos días vacíos /
_cRobert Woodruff Anderson; traducido por Alfonso Esparza ; prólogo de Harold Díez.
260 _aMéxico :
_bPax-México,
_c1971.
300 _a77 p. :
_bil. ;
_c17 cm.
700 1 _aEsparza, Alfonso
_etr.
_962721
700 1 _aDíez, Harold
_epról.
_962722
999 _c35979
_d35979